A carregar...

പൂ൪ണ്ണ സൂയ്യഗ്രഹണം

Detalhes bibliográficos
Formato: Printed Book
Assuntos:
LEADER 00500nam a22001217a 4500
082 |a 039.914  |b POO/P 
240 |a Poorna Sooya Grahanam 
245 |a പൂ൪ണ്ണ സൂയ്യഗ്രഹണം 
650 |a മലയാളം; വിജ്ഞാനകോശം  |9 280847 
650 |a Malayalam; Encyclopedia  |9 280848 
942 |c BK 
999 |c 50602  |d 50602 
952 |0 0  |1 0  |4 0  |6 039_914000000000000_POO_P  |7 0  |8 Encycloped  |9 59702  |a MAL  |b MAL  |d 2016-03-29  |e 21584  |l 0  |o 039.914 POO/P  |p MAL021584  |r 2016-03-29  |t 1  |w 2016-03-29  |y BK